000
00250nam a2200109Ia 4500
008
190912s9999||||xx |||||||||||||| ||und||
100
_a
Elmore,Patricia B.
245
0
_a
Statistics
260
_a
New york
_b
Education
_c
1639
300
_a
242
942
_c
BK
999
_c
7654
_d
7654